| 000 | 00925cam a2200265 i 4500 | ||
|---|---|---|---|
| 001 | zz2007934261 | ||
| 003 | NUKAT | ||
| 005 | 20260427230015.0 | ||
| 008 | 071205s1846 pl |001 0 pol c | ||
| 035 | _a(OCoLC)750013843 | ||
| 035 | _a(NUKAT)zz2007934261 | ||
| 040 |
_aKR 295/DR _cKR 295/DR _dKR 295/BW _dKAT U/JPs |
||
| 100 | 1 |
_aWójcicki, Kazimierz Władysław _d(1807-1879). _96310 |
|
| 245 | 1 | 0 |
_aHistoryja literatury polskiej w zarysach K. Wł. Wóycickiego. _nT. 4. |
| 246 | 3 | _aHistoria literatury polskiej w zarysach | |
| 260 |
_aWarszawa : _bnakł. Gustawa Sennewald, _c1846. |
||
| 300 |
_a[8], 532, VI s. ; _c23 cm. |
||
| 336 |
_aTekst _btxt _2rdacontent |
||
| 337 |
_aBez urządzenia pośredniczącego _bn _2rdamedia |
||
| 338 |
_aWolumin _bnc _2rdacarrier |
||
| 504 | _aIndeks. | ||
| 510 | 4 |
_aEstr. _ccz. I, T. 5, s. 132. |
|
| 650 | 7 |
_aLiteratura polska _xhistoria i krytyka. _2kaba _9351 |
|
| 942 |
_2ddc _cBK_NM |
||
| 999 |
_c27825 _d27825 |
||